Galerie Jürg Stuker Bern (Schweiz) (Record no. 6121)

MARC details
000 -CABECERA
campo de control de longitud fija 00889nam a2200241 a 4500
001 - NÚMERO DE CONTROL
campo de control BRCA_6437
005 - FECHA Y HORA DE LA ÚLTIMA TRANSACCIÓN
campo de control 20190321142924.0
008 - DATOS DE LONGITUD FIJA--INFORMACIÓN GENERAL
campo de control de longitud fija 220911m19541956sz-a######---#000-0#ger-#
041 ## - CÓDIGO DE LENGUA
Código de lengua del texto/banda sonora o título independiente ger
044 ## - CÓDIGO DEL PAÍS DE LA ENTIDAD EDITORA/PRODUCTORA
Código MARC del país sz
050 #4 - SIGNATURA TOPOGRÁFICA DE LA BIBLIOTECA DEL CONGRESO
Número de documento/Ítem .G35 1954
245 10 - MENCIÓN DE TÍTULO
Título Galerie Jürg Stuker Bern (Schweiz)
Resto del título Grosse Auktionen.
260 ## - PUBLICACIÓN, DISTRIBUCIÓN, ETC.
Lugar de publicación, distribución, etc. Suiza
Nombre del editor, distribuidor, etc. Galerie Jürg Stuker Bern
Fecha de publicación, distribución, etc. 1954-1956
300 ## - DESCRIPCIÓN FÍSICA
Extensión 3 v.
Otras características físicas il.
Dimensiones 31 cm.
500 ## - NOTA GENERAL
Nota general Catálogo de subasta inventariado por Banco de México como libro
500 ## - NOTA GENERAL
Nota general CDE42
505 0# - NOTA DE CONTENIDO CON FORMATO
Nota de contenido con formato Contenido: v.1. Sammlung A. Rütschi. -- v.2. Genfer Privatsammlung, Kollektion Emile Paravicini und Weiterer Altbesitz. -- v.3. Asiatica - Sammlung, Bedeutende Privat - Kollektionen Fürstliche Gemäldesammlung
650 14 - PUNTO DE ACCESO ADICIONAL DE MATERIA--TÉRMINO DE MATERIA
Término de materia o nombre geográfico como elemento de entrada Arte europeo
Subdivisión de forma Catálogos
9 (RLIN) 2136
650 14 - PUNTO DE ACCESO ADICIONAL DE MATERIA--TÉRMINO DE MATERIA
Término de materia o nombre geográfico como elemento de entrada Arte oriental
Subdivisión de forma Catálogos
9 (RLIN) 16082
650 14 - PUNTO DE ACCESO ADICIONAL DE MATERIA--TÉRMINO DE MATERIA
Término de materia o nombre geográfico como elemento de entrada Subastas
9 (RLIN) 7837
902 ## - CATALOGADOR
Iniciales GFM
942 ## - ELEMENTOS DE PUNTO DE ACCESO ADICIONAL (KOHA)
Fuente del sistema de clasificación o colocación Library of Congress Classification
Tipo de ítem Koha Libros
Holdings
Estado de retiro Estado de pérdida Estado dañado No para préstamo Localización permanente Ubicación/localización actual Fecha de adquisición Número de inventario Total de préstamos Signatura topográfica completa Código de barras Fecha visto por última vez Precio válido a partir de Tipo de ítem Koha
El ejemplar forma parte de la colección y puede ser consultado según las políticas vigentes.       Biblioteca del Museo Franz Mayer (Rogerio Casas-Alatriste) Biblioteca del Museo Franz Mayer (Rogerio Casas-Alatriste) 22/09/2011 CDE42   .G35 1954 (CDE42) 6884 22/03/2019 22/03/2019 Libros